Fr. Conceicao Rodrigues College of Engineering

The Complete Reference C++ 3rd ed (Record no. 21139)

MARC details
000 -LEADER
fixed length control field 00338nam a2200157Ia 4500
082 ## - DEWEY DECIMAL CLASSIFICATION NUMBER
Classification number 005.133'C'
Item number SCH
100 ## - MAIN ENTRY--PERSONAL NAME
Personal name Schildt/ Herbert
250 ## - EDITION STATEMENT
Edition statement 3
245 ## - TITLE STATEMENT
Title The Complete Reference C++ 3rd ed
260 ## - PUBLICATION, DISTRIBUTION, ETC.
Name of publisher, distributor, etc. Tata Mc Graw hill
Date of publication, distribution, etc. 1998
300 ## - PHYSICAL DESCRIPTION
Extent 1008
546 ## - LANGUAGE NOTE
Language note ENGLISH
654 ## - SUBJECT ADDED ENTRY--FACETED TOPICAL TERMS
Focus term Computer
942 ## - ADDED ENTRY ELEMENTS (KOHA)
Koha item type BOOK
Holdings
Withdrawn status Lost status Damaged status Not for loan Collection Home library Current library Date acquired Inventory number Total Checkouts Full call number Barcode Date last seen Price effective from Koha item type
        CRC Fr. Agnel's C.Rodrigues College of Engineering Fr. Agnel's C.Rodrigues College of Engineering 17/03/2023 3427   005.133'C' SCH 11361 17/03/2023 17/03/2023 BOOK